[Event "Titled Tuesday intern op 02nd Mar"]
[Site "Chess.com INT"]
[Date "2021.03.02"]
[Round "1"]
[White "Buryshin, Vasyl"]
[Black "Bazarov, Konstantin"]
[Result "0-1"]
[WhiteElo "2306"]
[BlackElo "2262"]
[PlyCount "44"]
[EventDate "2021.03.02"]
[EventType "swiss (blitz)"]
[EventRounds "11"]
[EventCountry "USA"]
[SourceTitle "CBM 201 Extra"]
[Source "ChessBase"]
[SourceDate "2021.05.31"]
[SourceVersion "1"]
[SourceVersionDate "2021.05.31"]
[SourceQuality "1"]

1. b3 e5 2. Bb2 Nc6 3. e3 a6 4. Ne2 d5 5. f4 Bd6 6. d3 Nf6 7. Nd2 0-0 8. fxe5 Bxe5 9. Bxe5 Nxe5 10. Nd4 c5 11. N4f3 Neg4 12. e4 Re8 13. Be2 Ne3 14. Qc1 dxe4 15. dxe4 Nxg2+ 16. Kf1 Ne3+ 17. Ke1 Nxe4 18. Nxe4 Rxe4 19. Rg1 Ng4 20. Qb2 Qe7 21. Kf1 Rxe2 22. h3 Rf2# 0-1

[Event "Titled Tuesday intern op 02nd Mar"]
[Site "Chess.com INT"]
[Date "2021.03.02"]
[Round "5"]
[White "Funderburg, John T"]
[Black "Buryshin, Vasyl"]
[Result "1-0"]
[WhiteElo "2100"]
[BlackElo "2306"]
[PlyCount "53"]
[EventDate "2021.03.02"]
[EventType "swiss (blitz)"]
[EventRounds "11"]
[EventCountry "USA"]
[SourceTitle "CBM 201 Extra"]
[Source "ChessBase"]
[SourceDate "2021.05.31"]
[SourceVersion "1"]
[SourceVersionDate "2021.05.31"]
[SourceQuality "1"]

1. e4 c5 2. Ne2 Nc6 3. Nbc3 d6 4. g3 Nf6 5. Bg2 Bd7 6. 0-0 g6 7. d3 Bg7 8. h3 0-0 9. Be3 Rc8 10. Qd2 a6 11. f4 Ne8 12. f5 Nc7 13. Bh6 Ne5 14. Bxg7 Kxg7 15. g4 Bc6 16. Nf4 Qd7 17. Ncd5 Nxd5 18. exd5 Bb5 19. c4 Bxc4 20. dxc4 Nxc4 21. Qc3+ Ne5 22. fxg6 fxg6 23. Ne6+ Kg8 24. Rxf8+ Rxf8 25. Nxf8 Qb5 26. Ne6 Qe2 27. Rf1 1-0

[Event "Titled Tuesday intern op 10th Nov"]
[Site "Chess.com INT"]
[Date "2020.11.10"]
[Round "11"]
[White "Bjelobrk, Igor"]
[Black "Buryshin, Vasyl"]
[Result "1-0"]
[WhiteElo "2407"]
[BlackElo "2306"]
[PlyCount "33"]
[EventDate "2020.11.10"]
[EventType "swiss (blitz)"]
[EventRounds "11"]
[EventCountry "USA"]
[SourceTitle "CBM 199 Extra"]
[Source "ChessBase"]
[SourceDate "2021.01.31"]
[SourceVersion "1"]
[SourceVersionDate "2021.01.31"]
[SourceQuality "1"]

1. d4 f5 2. g3 Nf6 3. Bg2 e6 4. b3 Be7 5. Bb2 0-0 6. c4 d6 7. e3 Nbd7 8. Nf3 Qe8 9. 0-0 Qg6 10. Nc3 b6 11. Ne2 Bb7 12. Nf4 Qf7 13. Ng5 Qe8 14. Bxb7 Rb8 15. Bg2 h6 16. Ngxe6 Rf7 17. Nxc7 1-0